000 01013nam a22002651a 4500
003 DO-SdBNP
005 20240301143455.0
007 ta
008 220602b2019 dr a|||| |||| 00| 0 spa d
020 _a9789945804669
040 _aDO-SdBNP
_bspa
_cBNPHU
082 4 _222
_a972.9375
_bG216p
100 1 _aGarcía Beato, Vicente,
_d1998
_981754
245 1 0 _aPantoja, Palmarejo-Villa Linda, La Isabela y La Hondonada:
_bdesrrollo en el tiempo; 30 años después /
_cAlipio Ubrí Sosa
260 _aSanto Domingo :
_bs.n.,
_c2019.
300 _a304 p. ;
_c22 cm.
500 _aIncluye datos biográficos del autor en la contracubierta
500 _aLa biblioteca posee 1 ejemplar autográfiado por el autor
590 _aInventariado, 2022/BT
651 4 _aPantoja (República Dominicana)
_xVida social y costumbres
_981879
651 4 _aSanto Domingo, República Dominicana
_xHistoria local
_91894
651 4 _aRepública Dominicana
_vBiografías
_91083
910 _aBtavárez. Validado MFF
942 _2ddc
_cLBS1
999 _c51884
_d51884